[Event "Morava-ch"]
[Site "Orlova"]
[Date "2023.10.25"]
[Round "2"]
[White "Nespora, Tatana"]
[Black "Vojtech, Ladislav"]
[Result "0-1"]
[WhiteElo "1709"]
[BlackElo "1937"]
[PlyCount "112"]
[EventDate "2023.10.24"]
[EventType "swiss"]
[EventRounds "9"]
[EventCountry "CZE"]
[SourceTitle "Mega2024 Update 01"]
[Source "Chessbase"]
[SourceDate "2023.11.12"]
[SourceVersion "1"]
[SourceVersionDate "2023.11.12"]
[SourceQuality "1"]

1. e4 d5 2. exd5 Nf6 3. Nf3 Nxd5 4. d4 Bg4 5. c4 Nb6 6. Be2 e6 7. 0-0 Be7 8. b3 c5 9. Bb2 Bf6 10. Qd2 cxd4 11. h3 Bxf3 12. Bxf3 Nc6 13. Na3 0-0 14. Rad1 e5 15. Be4 Bg5 16. f4 Bxf4 17. Rxf4 exf4 18. Qxf4 Qe7 19. Nb5 Rfd8 20. Bc1 a6 21. Nc7 Rac8 22. Nd5 Nxd5 23. cxd5 Nb4 24. Rxd4 Qc5 25. Be3 Nc2 26. Bxc2 Qxc2 27. Qg3 Qxa2 28. Rg4 g6 29. d6 Qxb3 30. Rd4 Rd7 31. Qg5 Re8 32. Bf2 Qb1+ 33. Kh2 Qf5 34. Qd2 Re4 35. Rxe4 Qxe4 36. Bg3 a5 37. Qxa5 h5 38. Qa8+ Kg7 39. Qc8 Qc6 40. Qe8 h4 41. Bf4 g5 42. Bxg5 Qxd6+ 43. Kg1 Qe6 44. Qb8 Rd1+ 45. Kh2 Qd6+ 46. Qxd6 Rxd6 47. Bxh4 b5 48. Bg3 Re6 49. Bf2 b4 50. Bd4+ Kg6 51. Kg3 b3 52. Kf3 Rd6 53. Ba1 Rd2 54. g4 b2 55. Bxb2 Rxb2 56. h4 Rb4 0-1

[Event "Ceske Budejovice op-A"]
[Site "Ceske Budejovice"]
[Date "2023.07.08"]
[Round "8"]
[White "Novak, Vaclav"]
[Black "Nespora, Tatana"]
[Result "1-0"]
[WhiteElo "1899"]
[BlackElo "1601"]
[PlyCount "83"]
[EventDate "2023.07.01"]
[EventType "swiss"]
[EventRounds "9"]
[EventCountry "CZE"]
[SourceTitle "CBM 215 Extra"]
[Source "ChessBase"]
[SourceDate "2023.09.30"]
[SourceVersion "1"]
[SourceVersionDate "2023.09.30"]
[SourceQuality "1"]

1. e4 c5 2. Nf3 Nc6 3. d3 e5 4. Nc3 d6 5. Be3 g6 6. Qd2 Bg7 7. 0-0-0 Rb8 8. h4 h5 9. Ng5 Nf6 10. f3 b5 11. Kb1 a5 12. Nd5 Nxd5 13. exd5 Nb4 14. c4 bxc4 15. dxc4 Bf5+ 16. Ne4 Qb6 17. a3 Na6 18. Bd3 Rb7 19. Rhg1 Kd7 20. Qc2 Rhb8 21. g4 hxg4 22. fxg4 Bxe4 23. Bxe4 Nb4 24. axb4 axb4 25. h5 Ra7 26. Bc1 Rba8 27. Rg3 b3 28. Qxb3 Ra2 29. Kc2 Qa7 30. g5 Rb8 31. Qc3 Ke7 32. hxg6 fxg6 33. Bxg6 Rh8 34. Rf1 Rh2+ 35. Bd2 Qa4+ 36. Qb3 Qa8 37. Rf7+ Kd8 38. Qb6+ Ke8 39. Ra7+ Kf8 40. Rxa8+ Rxa8 41. Qxd6+ Kg8 42. Rb3 1-0

[Event "Ceske Budejovice op-A"]
[Site "Ceske Budejovice"]
[Date "2023.07.02"]
[Round "2"]
[White "Kolka, Dawid"]
[Black "Nespora, Tatana"]
[Result "1-0"]
[WhiteElo "1938"]
[BlackElo "1601"]
[PlyCount "107"]
[EventDate "2023.07.01"]
[EventType "swiss"]
[EventRounds "9"]
[EventCountry "CZE"]
[SourceTitle "CBM 215 Extra"]
[Source "ChessBase"]
[SourceDate "2023.09.30"]
[SourceVersion "1"]
[SourceVersionDate "2023.09.30"]
[SourceQuality "1"]

1. e4 c5 2. Nf3 Nc6 3. c3 Nf6 4. e5 Nd5 5. Bc4 Nb6 6. Bb3 d5 7. exd6 Qxd6 8. 0-0 e6 9. d4 cxd4 10. cxd4 Be7 11. Nc3 Nd5 12. Re1 0-0 13. h3 a6 14. Nxd5 exd5 15. Bc2 Bf6 16. a3 Bd7 17. Qd3 g6 18. Bh6 Rfe8 19. Qd2 Qc7 20. Be3 Rac8 21. Rac1 Qb6 22. b4 Ne7 23. Ne5 Be6 24. g4 Qd8 25. f4 Bg7 26. Bf2 Rc7 27. Ba4 b5 28. Bb3 Qd6 29. Nd3 Kf8 30. Rxc7 Qxc7 31. Nc5 Qd6 32. Kg2 Ng8 33. Bg3 Qc6 34. Qe3 Nf6 35. Qc3 Rc8 36. Bc2 Ne4 37. Qe3 Nxc5 38. bxc5 Re8 39. Qf2 Bc8 40. f5 Rxe1 41. Bd6+ Re7 42. f6 Bh8 43. Bxe7+ Kg8 44. Qf4 Qe6 45. Qe5 Qd7 46. Qd6 Qe8 47. c6 a5 48. Bb3 b4 49. axb4 axb4 50. Bxd5 h5 51. gxh5 gxh5 52. Qg3+ Kh7 53. Be4+ Kh6 54. Qf4# 1-0

[Event "Ceske Budejovice op-A"]
[Site "Ceske Budejovice"]
[Date "2023.07.01"]
[Round "1"]
[White "Nespora, Tatana"]
[Black "Steiner, Bruno"]
[Result "0-1"]
[WhiteElo "1601"]
[BlackElo "2041"]
[PlyCount "130"]
[EventDate "2023.07.01"]
[EventType "swiss"]
[EventRounds "9"]
[EventCountry "CZE"]
[SourceTitle "CBM 215 Extra"]
[Source "ChessBase"]
[SourceDate "2023.09.30"]
[SourceVersion "1"]
[SourceVersionDate "2023.09.30"]
[SourceQuality "1"]

1. e4 c5 2. Nf3 Nc6 3. d4 cxd4 4. Nxd4 e5 5. Nb5 d6 6. a4 Nf6 7. N1c3 Be7 8. Bg5 0-0 9. Bxf6 Bxf6 10. Nd5 Bg5 11. Bd3 a6 12. Na3 Be6 13. Bc4 Kh8 14. 0-0 Rc8 15. Ba2 Bh6 16. c3 Qh4 17. Nc2 Qxe4 18. Nce3 Qg6 19. Bb1 f5 20. f4 Rcd8 21. Qf3 Qe8 22. b4 exf4 23. Nxf4 Bc8 24. Ned5 Ne5 25. Qh3 a5 26. b5 Nf7 27. Ba2 Qe4 28. Bb1 Qc4 29. Qd3 Ne5 30. Qxc4 Nxc4 31. Ba2 Nd2 32. Rfe1 Rde8 33. Rad1 Ne4 34. g3 Bxf4 35. gxf4 Be6 36. c4 Bxd5 37. Rxd5 Rd8 38. Bb1 Nc3 39. Rxf5 Rxf5 40. Bxf5 Nxa4 41. Re7 Nc5 42. Bb1 Kg8 43. Kf2 a4 44. Kf3 a3 45. Ba2 Ra8 46. f5 Ra4 47. Re3 Kf7 48. Kf4 Kf6 49. h4 d5 50. Rc3 d4 51. Rf3 b6 52. Rf1 Rb4 53. Rf3 d3 54. Rf2 Rb2 55. Rxb2 axb2 56. Ke3 Kxf5 57. Bb1 Ke5 58. Ba2 g6 59. Bb1 h6 60. Ba2 g5 61. hxg5 hxg5 62. Bb1 g4 63. Kf2 Kd4 64. Ke1 Kc3 65. Kd1 g3 0-1

[Event "CZE-ch U16 Girls"]
[Site "Luhacovice"]
[Date "2022.03.14"]
[Round "3"]
[White "Voriskova, Anna"]
[Black "Nespora, Tatana"]
[Result "1-0"]
[WhiteElo "1812"]
[BlackElo "1452"]
[PlyCount "59"]
[EventDate "2022.03.12"]
[EventType "swiss"]
[EventRounds "9"]
[EventCountry "CZE"]
[SourceTitle "EXT 2023"]
[Source "ChessBase"]
[SourceDate "2022.10.05"]
[SourceVersion "1"]
[SourceVersionDate "2022.10.05"]
[SourceQuality "1"]

1. d4 Nf6 2. c4 g6 3. Nf3 Bg7 4. g3 0-0 5. Bg2 d6 6. Nc3 c6 7. 0-0 Qa5 8. Qc2 Qh5 9. b4 Bh3 10. Rd1 h6 11. Bb2 Nbd7 12. Bh1 Ng4 13. b5 c5 14. Nd5 g5 15. Nxe7+ Kh8 16. dxc5 Nxc5 17. Bxg7+ Kxg7 18. Nf5+ Kh8 19. Nxd6 Rae8 20. Nxe8 Rxe8 21. Rd4 Nf6 22. Rad1 g4 23. Nh4 Qe5 24. Rd8 Nce4 25. Rxe8+ Qxe8 26. Qb2 Qe7 27. Bxe4 Kg8 28. Bg2 Bxg2 29. Nxg2 Ne4 30. Qd4 1-0

[Event "CZE-ch U14 Girls"]
[Site "Kouty nad Desnou"]
[Date "2020.03.07"]
[Round "1"]
[White "Nespora, Tatana"]
[Black "Voriskova, Anna"]
[Result "0-1"]
[WhiteElo "1310"]
[BlackElo "1820"]
[PlyCount "88"]
[EventDate "2020.03.07"]
[EventType "swiss"]
[EventRounds "7"]
[EventCountry "CZE"]
[SourceTitle "CBM 195 Extra"]
[Source "ChessBase"]
[SourceDate "2020.05.31"]
[SourceVersion "1"]
[SourceVersionDate "2020.05.31"]
[SourceQuality "1"]

1. e4 c5 2. Nf3 Nc6 3. d4 cxd4 4. Nxd4 Nf6 5. Nc3 e5 6. Ndb5 d6 7. a4 h6 8. Bc4 Be7 9. Be3 a6 10. Na3 0-0 11. 0-0 Be6 12. Qd2 Rc8 13. Ba2 Bxa2 14. Rxa2 Nb4 15. Raa1 d5 16. exd5 Nbxd5 17. Nxd5 Nxd5 18. Rfd1 Nxe3 19. Qxe3 Qc7 20. c3 Rfd8 21. Nc2 Qa5 22. Qe4 Qb6 23. Nb4 Bxb4 24. cxb4 Rd4 25. Qxe5 Rxb4 26. a5 Qc6 27. h3 Rb5 28. Qd4 Rg5 29. g3 Rc5 30. Qe3 Re8 31. Qf4 Rc2 32. b4 Qe6 33. h4 Rc4 34. Qd2 Qg6 35. Qd7 Rb8 36. Qe7 Re4 37. Qc7 Rbe8 38. Rd6 Re1+ 39. Rxe1 Rxe1+ 40. Kh2 Qe4 41. Rd8+ Kh7 42. g4 Rh1+ 43. Kg3 Rg1+ 44. Kh3 Qg2# 0-1

[Event "EU Union-ch U12"]
[Site "Kouty nad Desnou"]
[Date "2018.08.08"]
[Round "2"]
[White "Nespora, Tatana"]
[Black "Sevcikova, Lucia"]
[Result "0-1"]
[WhiteElo "1290"]
[BlackElo "1750"]
[PlyCount "64"]
[EventDate "2018.08.07"]
[EventType "swiss"]
[EventRounds "9"]
[EventCountry "CZE"]
[SourceTitle "CBM 186 Extra"]
[Source "ChessBase"]
[SourceDate "2018.08.24"]
[SourceVersion "1"]
[SourceVersionDate "2018.08.24"]
[SourceQuality "1"]

1. e4 e5 2. Nf3 Nf6 3. Nc3 Nc6 4. d4 exd4 5. Nd5 Be7 6. Nxd4 Nxd5 7. exd5 Nxd4 8. Qxd4 0-0 9. Be3 Bf6 10. Qb4 Re8 11. 0-0-0 d6 12. Bd3 Bg5 13. Bd2 a5 14. Qa4 Bd7 15. Bb5 Bxb5 16. Qxb5 b6 17. f4 Bf6 18. g4 g6 19. g5 Bg7 20. Qd3 Qd7 21. Bc3 Qa4 22. Bxg7 Qxf4+ 23. Kb1 Kxg7 24. Qc3+ Kg8 25. Qxc7 Rac8 26. Qxb6 Re2 27. Rc1 Qe4 28. Rhe1 Rxe1 29. Qf2 Rxc1+ 30. Kxc1 Qh1+ 31. Kd2 Qxd5+ 32. Kc1 Qxg5+ 0-1

[Event "EU Union-ch U12"]
[Site "Kouty nad Desnou"]
[Date "2017.08.20"]
[Round "2"]
[White "Kalina, Lena"]
[Black "Nespora, Tatana"]
[Result "1/2-1/2"]
[WhiteElo "1566"]
[BlackElo "1154"]
[PlyCount "110"]
[EventDate "2017.08.19"]
[EventType "swiss"]
[EventRounds "9"]
[EventCountry "CZE"]
[SourceTitle "CBM 180 Extra"]
[Source "ChessBase"]
[SourceDate "2017.10.06"]
[SourceVersion "1"]
[SourceVersionDate "2017.10.06"]
[SourceQuality "1"]

1. d4 d5 2. Nf3 Nf6 3. c4 c6 4. Nc3 e6 5. cxd5 cxd5 6. Bf4 Bb4 7. a3 Ba5 8. b4 Bb6 9. e3 0-0 10. Bd3 h6 11. 0-0 Bc7 12. Bxc7 Qxc7 13. Rc1 Nc6 14. Ne2 Qd6 15. Bb5 Ne4 16. Bxc6 bxc6 17. Ne5 f6 18. Rxc6 Qb8 19. Nf3 Bd7 20. Rc1 Qd6 21. Nf4 Rad8 22. Nd3 Bb5 23. Re1 Bxd3 24. Qxd3 e5 25. Red1 Rc8 26. h3 Rcd8 27. b5 Rc8 28. a4 Rb8 29. dxe5 fxe5 30. Qxd5+ Qxd5 31. Rxd5 Rbc8 32. Rdd1 Nc3 33. Rd2 Ne2+ 34. Rxe2 Rxc1+ 35. Kh2 e4 36. Nd4 Ra1 37. f4 Rxa4 38. g4 Rb8 39. Rb2 Ra3 40. Re2 a6 41. bxa6 Rxa6 42. f5 Rab6 43. Kg3 Rb1 44. Kf4 Re8 45. Ne6 Rb4 46. Rd2 g6 47. Nd4 g5+ 48. Kg3 Ra4 49. Ne6 Kf7 50. Rd7+ Kf6 51. Ng7 Re7 52. Rxe7 Kxe7 53. Ne6 Kf6 54. Nd4 Ra3 55. Kf2 Rd3 1/2-1/2

[Event "EU Union-ch U12"]
[Site "Kouty nad Desnou"]
[Date "2017.08.19"]
[Round "1"]
[White "Nespora, Tatana"]
[Black "Sevcikova, Lucia"]
[Result "1/2-1/2"]
[WhiteElo "1154"]
[BlackElo "1606"]
[PlyCount "69"]
[EventDate "2017.08.19"]
[EventType "swiss"]
[EventRounds "9"]
[EventCountry "CZE"]
[SourceTitle "CBM 180 Extra"]
[Source "ChessBase"]
[SourceDate "2017.10.06"]
[SourceVersion "1"]
[SourceVersionDate "2017.10.06"]
[SourceQuality "1"]

1. e4 e5 2. Nf3 Nc6 3. Bc4 Nf6 4. d3 Bc5 5. 0-0 h6 6. Be3 Bxe3 7. fxe3 0-0 8. Nc3 d6 9. d4 exd4 10. exd4 Re8 11. Qd3 Bg4 12. Rae1 Na5 13. Nd5 Nxc4 14. Nxf6+ Qxf6 15. Qxc4 Qe7 16. e5 c6 17. exd6 Qxd6 18. Ne5 Be6 19. Nxf7 Qxh2+ 20. Kxh2 Bxc4 21. Rxe8+ Rxe8 22. Nd6 Bxf1 23. Nxe8 b6 24. c3 Be2 25. Nd6 Bg4 26. Kg3 Be6 27. a3 Kf8 28. Kf4 Ke7 29. Ke5 g6 30. g3 b5 31. b4 h5 32. Ne4 Bg4 33. Ng5 Bf5 34. Nh7 Bg4 35. Ng5 1/2-1/2

[Event "EU Union-ch U10"]
[Site "Kouty nad Desnou"]
[Date "2016.08.12"]
[Round "7"]
[White "Nespora, Tatana"]
[Black "Griksaite, Leva"]
[Result "1-0"]
[WhiteElo "1083"]
[BlackElo "1243"]
[PlyCount "73"]
[EventDate "2016.08.06"]
[EventType "swiss"]
[EventRounds "9"]
[EventCountry "CZE"]
[SourceTitle "CBM 174 Extra"]
[Source "ChessBase"]
[SourceDate "2016.10.10"]
[SourceVersion "1"]
[SourceVersionDate "2016.10.10"]
[SourceQuality "1"]

1. e4 e5 2. Nf3 Nc6 3. Bc4 Nf6 4. d3 Bc5 5. Nc3 d6 6. h3 a6 7. 0-0 Be6 8. Bb3 Qd7 9. Be3 Bb4 10. Qe2 h6 11. Rad1 g5 12. d4 exd4 13. Nxd4 Bxb3 14. axb3 0-0-0 15. Nxc6 Qxc6 16. Bd4 d5 17. exd5 Qd6 18. Be5 Qe7 19. Rfe1 Rhg8 20. Qf3 Nh7 21. Qf5+ Kb8 22. Qxh7 Rg6 23. Re4 Bxc3 24. bxc3 Rdg8 25. Rde1 Qf8 26. c4 Ka7 27. Bd4+ b6 28. Re7 Kb7 29. Rxf7 Qd8 30. Ree7 R6g7 31. Bxg7 Rxg7 32. Qxg7 b5 33. Rxc7+ Kb6 34. Qxh6+ Ka5 35. cxb5 Kxb5 36. Qc6+ Kb4 37. Qc5# 1-0

[Event "EU Union-ch U10"]
[Site "Kouty nad Desnou"]
[Date "2016.08.07"]
[Round "2"]
[White "Nespora, Tatana"]
[Black "Nastore, Pavel Alexandru"]
[Result "1-0"]
[WhiteElo "1083"]
[BlackElo "1689"]
[PlyCount "45"]
[EventDate "2016.08.06"]
[EventType "swiss"]
[EventRounds "9"]
[EventCountry "CZE"]
[SourceTitle "CBM 174 Extra"]
[Source "ChessBase"]
[SourceDate "2016.10.10"]
[SourceVersion "1"]
[SourceVersionDate "2016.10.10"]
[SourceQuality "1"]

1. e4 c5 2. Nf3 d6 3. Nc3 Nf6 4. Bb5+ Nbd7 5. 0-0 a6 6. Bxd7+ Bxd7 7. d3 e6 8. e5 dxe5 9. Nxe5 Qc7 10. d4 Bd6 11. Bf4 0-0-0 12. Re1 Bc6 13. Bg3 h5 14. Nxc6 Bxg3 15. Nxd8 Bxh2+ 16. Kh1 Rxd8 17. Qf3 Rxd4 18. g3 Ng4 19. Rad1 Rb4 20. Nd5 exd5 21. Re8+ Kd7 22. Qxf7+ Kc6 23. Re6+ 1-0

[Event "CZE-ch U10 Girls"]
[Site "Kouty nad Desnou"]
[Date "2015.03.13"]
[Round "8"]
[White "Nagyova, Daniela"]
[Black "Nespora, Tatana"]
[Result "0-1"]
[WhiteElo "1068"]
[BlackElo "1170"]
[PlyCount "118"]
[EventDate "2015.03.07"]
[EventType "swiss"]
[EventRounds "9"]
[EventCountry "CZE"]
[SourceTitle "EXT 2017"]
[Source "ChessBase"]
[SourceDate "2016.10.25"]
[SourceVersion "1"]
[SourceVersionDate "2016.10.25"]
[SourceQuality "1"]

1. e4 e5 2. Nf3 Nc6 3. Nc3 Nf6 4. d4 d6 5. Bb5 h6 6. Ba4 Bg4 7. d5 Be7 8. dxc6 0-0 9. 0-0 Rb8 10. Qd3 b6 11. h3 Bh5 12. Nd5 Nxd5 13. exd5 Bg6 14. Qc4 e4 15. Nd2 a6 16. Qxa6 Ra8 17. Qc4 Bg5 18. Nxe4 Bxc1 19. Raxc1 Qh4 20. f3 f5 21. Nxd6 Qxc4 22. Nxc4 Rxa4 23. b3 Rxa2 24. Ne5 Bf7 25. g4 Bxd5 26. gxf5 Rxf5 27. Ng6 Rg5+ 28. Kh2 Rxg6 29. Rcd1 Bxc6 30. Rd8+ Kh7 31. Rc8 Rxc2+ 32. Kh1 Rgg2 33. Rc1 Rcf2 34. Rxc6 Rd2 35. R8xc7 Rge2 36. Rc1 Rh2+ 37. Kg1 Rdg2+ 38. Kf1 Rd2 39. Ke1 Rb2 40. R7c2 Rbxc2 41. Rxc2 Rxc2 42. Kd1 Ra2 43. Ke1 Kg6 44. f4 Kf5 45. Kd1 Kxf4 46. Kc1 Ke3 47. Kb1 Rh2 48. h4 Kd3 49. h5 Kc3 50. b4 Kxb4 51. Kc1 Kb3 52. Kd1 Kc3 53. Ke1 Kd3 54. Kf1 Ke3 55. Kg1 Ra2 56. Kf1 Rb2 57. Kg1 Kf3 58. Kh1 Kg3 59. Kg1 Rb1# 0-1